Základy nové vědy o spoločné přirozenosti národů

Gespeichert in:
Bibliographische Detailangaben
1. Verfasser: Vico, Giambattista
Weitere Verfasser: Quotidian, Martin
Format: Buch
Sprache:Tschechisch
Veröffentlicht: Praha Academia 1991
Ausgabe:1. vyd.
Schriftenreihe:Filosofická knihovna
Schlagworte:
Tags: Tag hinzufügen
Keine Tags, Fügen Sie das erste Tag hinzu!

MARC

LEADER 00000nam a2200000 4500
001 c000988
005 20221214095355.6
020 |a 80-200-0051-8 
041 0 |a cze 
044 |a CZ 
245 1 0 |a Základy nové vědy o spoločné přirozenosti národů  |c Giambattista Vico ; Prekl. Martin Quotidian 
250 |a 1. vyd. 
264 1 |a Praha  |b Academia  |c 1991 
300 |a 466 s. 
490 1 |a Filosofická knihovna 
830 0 |a Filosofická knihovna 
610 2 0 |a filozofia 
610 2 0 |a VICO, G. 
610 2 0 |a etika 
610 2 0 |a zákony spoločenské 
100 1 |a Vico, Giambattista 
700 1 |a Quotidian, Martin